| 000 | 00547nam a2200205 a 4500 | ||
|---|---|---|---|
| 005 | 20240924071217.0 | ||
| 008 | 030219s2002 mx r 000 0 spa d | ||
| 020 | _a8424181042 | ||
| 035 | _aUPN01000122097 | ||
| 049 | _aI | ||
| 050 | 4 |
_aQL676.2 _bD8.6 |
|
| 100 | 1 | _aDubovoy, Silvia | |
| 245 | 1 | 0 |
_aPicos / _cSilvia Dubovoy. |
| 260 |
_aLeón, Esp. : _bEverest, _c2002. |
||
| 300 |
_a41 p. : _bil., col. |
||
| 440 | 0 |
_aMontaña encantada. _pAdivina quién es |
|
| 650 | 4 |
_aAVES _94114 |
|
| 650 | 4 |
_aLiteratura infantil _94445 |
|
| 905 | _aInfantil | ||
| 999 |
_c94298 _d94298 |
||